Bundesliga Trivia: Bayern Munich - Statistics

General Stats
  • This quiz has been taken 174 times
    113 since last reset
  • The average score is 10 of 15
Answer Stats
Question Hint Answer % Correct
Top goal scorer 365 goals Gerd Müller
96%
Record player 494 games Thomas Müller
95%
Stadium Allianz Arena
92%
Record arrival 95mio € Harry Kane
87%
Most recent Bundesliga title 2023
83%
Number of Bundesliga titles 32
80%
In the german First Division since... Bundesliga started in 1963 1965
76%
Founded in... 1900
65%
Number of International Trophies 14
63%
Record departure 45mio € Lucas Hernandez, Robert Lewandowski, Matthijs de Ligt
61%
Coach with the most points per game 2.53 points in 86 matches Hansi Flick
60%
Most recent international trophy 2020
52%
Most losses against... 28 losses Borussia Mönchengladbach
45%
Most wins against... 71 wins VFB Stuttgart
42%
Coach with the most games 319 matches Ottmar Hitzfeld
27%
No matching quizzes found
Score Distribution
Percent of People with Each Score
Percentile by Number Answered
Your Score History
You have not taken this quiz since the last reset